000 01130nam a2200265 i 4500
001 bg
100 1 _aKWAŚNIEWSKI, Janusz
_d(1946- )
245 1 0 _aAnaliza struktur inteligentnych systemów do diagnostyki maszyn /
_cJanusz Kwaśniewski.
246 1 1 _aAnalysis of structurs of the intelligent systems for machine diagnostics
260 _aKraków :
_bWydawnictwa AGH,
_c1997.
300 _a154, [1] s. :
_brys., wykr. ;
_c24 cm.
490 1 _aRozprawy, Monografie / Akademia Górniczo-Hutnicza im. S. Staszica,
_x0867-6631 ;
_v55
500 _aTyt. równol. : Analysis of structurs of the intelligent systems for machine diagnostics.
504 _aBibliogr. s. 147-[155]. - Summ.
650 9 _aDiagnostyka techniczna
_xmetody
650 9 _aInteligencja sztuczna
_xstosowanie
_xtechnika
650 9 _aMaszyny
_xbadanie
_xmetody
710 _aAKADEMIA GÓRNICZO-HUTNICZA im. S. Staszica (Kraków)
830 0 _aRozprawy, Monografie (Akademia Górniczo-Hutnicza im. S. Staszica) ;
_v55
040 _cBPK
041 0 _apl
_benpl
080 _a62-1/-8:519.8:004.89
942 _cKS
008 s pl f |000 0 pol
999 _c32834
_d32834
856 _uhttp://koha.tu.koszalin.pl/cgi-bin/koha/opac-detail.pl?biblionumber=32834
_yKatalog online BPK